000 00474nam a2200181Ia 4500
008 240925s9999 xx 000 0 und d
020 _a132181088
082 _a362.973 GIL
100 _aGilbert, Neil
245 0 _aDimensions of Social Welfare Policy
250 _a3rd
260 _aNew Jersey:
_bPrintice- Hall Int.
_c,1993.
300 _aviii,328p.
_bNA
_fOriginal
500 _aIncludes Index
600 _aSocial Sciences
650 _aSocial Sciences
942 _cBK
999 _c5259
_d5259